000 00676nam a2200229Ia 4500
003 OSt
005 20220925200350.0
006 a|||||r|||| 00| 0
007 ta
008 220923b |||||||| |||| 00| 0 eng d
037 _cGeneral Book
040 _aRTL
_cRTL
_beng
041 _2eng
_aeng
082 _aX:79C.2.N8, M5
100 _aRao M. Nageswara
_9241327
245 0 _aStudies in urban public sector
260 _aDelhi
_bAshish Publishing House India
_c1985
300 _axvi, 236p. Bibliography p.231-32
_ccm.
650 _aEconomic Development
_917300
942 _hX:79C.2.N8, M5
_cGB
_2CC
999 _c536343
_d536343